000 00346nam a2200145Ia 4500
005 20251222141932.0
008 251222s9999||||xx |||||||||||||| ||spa||
020 _a843204105X
082 _a800/V78
100 _aVizcaino Casas, Fernando
245 0 _aDe "Camisa Vieja"a Cahaqueta Nueva
250 _a1ra.ed.
264 _bPlaneta
942 _cLIB
999 _c9068
_d9068